FOREST ECOLOGY (Record no. 10485)
[ view plain ]
| 000 -LEADER | |
|---|---|
| fixed length control field | 00459nam a22001937a 4500 |
| 003 - CONTROL NUMBER IDENTIFIER | |
| control field | OSt |
| 005 - DATE AND TIME OF LATEST TRANSACTION | |
| control field | 20211007152257.0 |
| 008 - FIXED-LENGTH DATA ELEMENTS--GENERAL INFORMATION | |
| fixed length control field | 211007b |||||||| |||| 00| 0 eng d |
| 020 ## - INTERNATIONAL STANDARD BOOK NUMBER | |
| International Standard Book Number | 0894646591 |
| 040 ## - CATALOGING SOURCE | |
| Transcribing agency | HAWASSA UNIVERSITY |
| 050 ## - LIBRARY OF CONGRESS CALL NUMBER | |
| Classification number | 574.52642/SPU |
| Item number | 2 |
| 082 ## - DEWEY DECIMAL CLASSIFICATION NUMBER | |
| Edition number | 3 |
| Classification number | 574.52642/SPU |
| Item number | 2 |
| 100 ## - MAIN ENTRY--PERSONAL NAME | |
| Personal name | SPURR STEPHEN H. |
| 9 (RLIN) | 11341 |
| 245 ## - TITLE STATEMENT | |
| Title | FOREST ECOLOGY |
| 260 ## - PUBLICATION, DISTRIBUTION, ETC. | |
| Place of publication, distribution, etc. | AMERICA |
| Date of publication, distribution, etc. | 1980 |
| 300 ## - PHYSICAL DESCRIPTION | |
| Extent | X/687 |
| 504 ## - BIBLIOGRAPHY, ETC. NOTE | |
| Bibliography, etc. note | INDEX |
| 942 ## - ADDED ENTRY ELEMENTS (KOHA) | |
| Source of classification or shelving scheme | Dewey Decimal Classification |
| Koha item type | Books like text book referance book |
| Suppress in OPAC | No |
No items available.